Ako zlepšiť zákaznícky prístup a efektívnosť činnosti útvarov riadenia ľudských zdrojov?

Zákaznícky prístup ako dominantný princíp fungovania organizácie. Strategická orientácia - nový trend v zameraní činnosti útvarov ľudských zdrojov. Kroky strategickej orientácie útvaru ľudských zdrojov. Požiadavky strategickej orientácie na kompetencie útvaru a jeho zamestnancov.

Salvato in:
Dettagli Bibliografici
Autore principale: Lubelec, Libor
Natura: Capitolo di libro
Lingua:slovacco
Soggetti:
Tags: Aggiungi Tag
Nessun Tag, puoi essere il primo ad aggiungerne!!

MARC

LEADER 00000naa$a2200000$$$4500
001 0004282
005 20231002091024.3
041 0 |a slo 
044 |a SK 
245 1 0 |a Ako zlepšiť zákaznícky prístup a efektívnosť činnosti útvarov riadenia ľudských zdrojov?  |c aut. Libor Lubelec 
520 |a Zákaznícky prístup ako dominantný princíp fungovania organizácie. Strategická orientácia - nový trend v zameraní činnosti útvarov ľudských zdrojov. Kroky strategickej orientácie útvaru ľudských zdrojov. Požiadavky strategickej orientácie na kompetencie útvaru a jeho zamestnancov. 
610 2 0 |a organizácie 
610 2 0 |a zákazníci 
610 2 0 |a zdroje ľudské 
610 2 0 |a útvary personálne 
100 1 |a Lubelec, Libor